Statistieken voor Welke landen hebben het EK voetbal georganiseerd?

Klik hier om de quiz te nemen!

Algemene statistieken

  • Deze quiz is 144 keer genomen
  • De gemiddelde score is 26 van 31

Antwoordstatistieken

HintAntwoord% Correct
Nederland
98%
Nederland
98%
2024Duitsland
97%
Duitsland
97%
2016Frankrijk
97%
1960Frankrijk
97%
1984Frankrijk
97%
1988(West-)Duitsland
97%
1972België
96%
2000België
96%
Spanje
96%
1964Spanje
96%
2004Portugal
95%
Italië
89%
1980Italië
89%
1968Italië
89%
1996Engeland
88%
Engeland
88%
Rusland
84%
Polen
83%
1992Zweden
81%
2008Oostenrijk
79%
Denemarken
78%
Zwitserland
77%
2012Oekraïne
72%
Ierland
71%
Hongarije
69%
Roemenië
58%
Schotland
52%
1976Joegoslavië
31%
2020Azerbeidzjan
30%

Scoreverdeling

Percentiel versus Aantal Correcte Antwoorden

Procent van Mensen met Elke Score

Uw Scoregeschiedenis

U heeft deze quiz nog niet genomen